Issues in missiology : (Record no. 8536)

MARC details
000 -LEADER
fixed length control field 01029nam a2200217 a 4500
003 - CONTROL NUMBER IDENTIFIER
control field PILC
005 - DATE AND TIME OF LATEST TRANSACTION
control field 20241030155541.0
008 - FIXED-LENGTH DATA ELEMENTS--GENERAL INFORMATION
fixed length control field 070301s1982 xx 00 eng d
010 ## - LIBRARY OF CONGRESS CONTROL NUMBER
LC control number Acc#21729
020 ## - INTERNATIONAL STANDARD BOOK NUMBER
International Standard Book Number 0801070716
040 ## - CATALOGING SOURCE
Transcribing agency Philippine Baptist Theological Seminary
050 ## - LIBRARY OF CONGRESS CALL NUMBER
Classification number BV 2061
Item number P388 1982
100 10 - MAIN ENTRY--PERSONAL NAME
Personal name Pentecost, Edward C.
245 10 - TITLE STATEMENT
Title Issues in missiology :
Remainder of title an introduction /
Statement of responsibility, etc. Edward C. Pentecost.
260 0# - PUBLICATION, DISTRIBUTION, ETC (IMPRINT)
Place of publication, distribution, etc. Grand Rapids, MI :
Name of publisher, distributor, etc. Baker Book House,
Date of publication, distribution, etc. c1982.
300 ## - PHYSICAL DESCRIPTION
Extent 205 p. ; 24 cm.
504 ## - BIBLIOGRAPHY, ETC. NOTE
Bibliography, etc Includes bibliographical references.
505 ## - FORMATTED CONTENTS NOTE
Formatted contents note Missionary theology<br/>The scriptural context<br/>The cultural and spiritual mandates<br/>The church in its nature and function<br/>The book of Acts: principles or patterns?<br/>Man and his culture<br/>Man and his mentality<br/>The communication process<br/>The conversion process<br/>Change and accommodation <br/>Receptivity<br/>The homogeneous-unit principle<br/>The dynamics of church growth<br/>The nature of the spiritual warfare<br/><br/><br/>
650 ## - SUBJECT ADDED ENTRY--TOPICAL TERM
Topical term or geographic name as entry element MISSIONS
942 ## - ADDED ENTRY ELEMENTS (KOHA)
Koha item type Circulation Books
Source of classification or shelving scheme Library of Congress Classification
Holdings
Withdrawn status Lost status Source of classification or shelving scheme Damaged status Not for loan Home library Current library Shelving location Date acquired Cost, normal purchase price Total Checkouts Total Renewals Full call number Barcode Date last seen Date last checked out Price effective from Koha item type
    Dewey Decimal Classification     PBTS Library PBTS Library Circulation Section 03/01/2007 11.95 8 7 BV 2061 P388 1982 21729 03/18/2026 09/17/2019 04/02/2015 Circulation Books

Philippine Baptist Theological Seminary | 19 Tacay Road, Central Guisad, Baguio City 2600, Philippines